عرض عادي
عرض مارك
- Great Britain
مدخل إسم جغرافي
001 - رقم الضبط
- حقل الضبط: 44936
003 - معرف رقم الضبط
- حقل الضبط: OSt
005 - تاريخ ووقت أخر عملية
- حقل الضبط: 20140513170311.0
008 - عناصر بيانات ثابتة الطول
- حقل تحكم ثابت الطول: 140513|||a|||||| | ||| d
040 ## - مصدر الفهرسة
- هيئة الفهرسة الأصلية: OSt
- وكالة الكتابة: OSt
151 ## - مدخل-- مصطلح تاريخي
- اسم جغرافي: Great Britain
- تفريع عام: Languages
670 ## - بيانات المصدر موجوده
- الاستشهاد بالمصدر: Work cat.: (OSt)0: Analysing twenty-first Century British English :, 2013
